| 000 | 00774nam a22002057a 4500 | ||
|---|---|---|---|
| 005 | 20110929104928.0 | ||
| 010 | _aG-001463 | ||
| 020 |
_c295.00 _a2958190317838 |
||
| 035 | 1 | d | _aG-001463 |
| 037 | _bGift | ||
| 082 | _a336.27140954 | ||
| 100 |
_aPande, Ratan _935026 |
||
| 245 |
_aVAT: _cby Ratan Pande _bthe new tax system / |
||
| 260 |
_aPanchkula _bHoliday Book Store _c2009 |
||
| 270 |
_aS.C.O. 43, Ist Floor, Swastik Vihar MDC _bPanchkula (H.R.) |
||
| 300 |
_a172p. _c22cm(Hb) |
||
| 942 |
_2ddc _cEN _h336.27140954 _mPAN |
||
| 999 |
_c57134 _d57134 |
||